000 00575nam a2200229Ia 4500
003 OSt
005 20220923225657.0
006 a|||||r|||| 00| 0
007 ta
008 Pun
024 _a273,372
037 _cTextual
040 _aARTS
_cARTS
_bPun
041 _2Pun
_aPun
082 _aO153xn,N8, N8
100 _aਸਵਰਨ, ਐਮ, ਥਦ.
_9159218
245 0 _aਵੰਨਗੀ
260 _c1998
650 _aਪੰਜਾਬੀ ਸਾਹਿਤ
942 _hO153xn,N8, N8
_cTEXL
_2CC
999 _c379792
_d379792